| 000 | 00941cam a2200253 a 4500 | ||
|---|---|---|---|
| 003 | EG-GiCUC | ||
| 008 | 081104s1979 mk ab g 000 0 ara d | ||
| 040 |
_aEG-GiCUC _bara _cEG-GiCUC |
||
| 043 | _aa*mk*** | ||
| 050 | 4 |
_aVK113.O5 _bU43 1979 |
|
| 092 | 0 | 4 |
_a359.09534 _bU48 _221 |
| 099 |
_a04 _a359.09534 U48 |
||
| 245 | 0 | 0 | _aعمان و تاريخها البحرى |
| 260 |
_aسلطنة عمان: _bوزارة الاعلام و الثقافة: _c1979 |
||
| 300 |
_a192ص: _bايض(بعضها لو):خرائط؛ _c30سم |
||
| 504 | _aيشتمل على ارجاعات ببليوجرافية(ص187-190) | ||
| 651 | 7 |
_aعمان _xالتاريخ البحرى _2qrmak |
|
| 710 | 1 |
_aعمان. _bوزارة الاعلام و الثقافة |
|
| 902 | _a1 | ||
| 905 |
_aبلتاجى _eمراجع |
||
| 905 |
_aعبير _eمدخل |
||
| 942 |
_2ddc _cBK |
||
| 999 |
_c110288 _d110288 |
||